00723cam a2200193 a 450000100100000000500170001000800410002704000250006808200240009310000400011724500790015725000110023626000570024730000340030450400310033865000180036995201270038799900150051400000253620200929150217.0850506s1961 mnua b s001 0 eng  aDO-SdBNPbspacBNPHU a579.5bC554m, 1961.1 aChristensen, Clyde M.,d1905-9797114aThe molds and man :ban introduction to the fungi /cClyde M. Christensen. a2a ed. aMinneapolis :bUniversity of Minnesota Press,c1961. aviii, 238 p. :bil. ;c22 cm. aBibliografía: p. 228-229 4aHongos.97972 001052708MOaGRbGRcCTd2009-09-16iLF1l0o579.5 C554m, 1961.p2536-10r2020-06-25w2020-06-25y2ZPréstamo interno c2372d2372